| 000 | 00884nam a22002657a 4500 | ||
|---|---|---|---|
| 001 | 9343 | ||
| 003 | FISKH | ||
| 005 | 20251211122858.0 | ||
| 008 | 251211b cb ||||| |||| 00| 0 eng d | ||
| 020 | _a9781404257269 | ||
| 040 |
_aFISKH _beng _cFISKH _dFISKH |
||
| 050 | _aPZ7.C76184457 .S543 | ||
| 082 | _a 823.92 | ||
| 100 | _aShea, Therese | ||
| 245 |
_aFlags and fireworks / _cTherese Shea |
||
| 260 |
_aNew York : _bNeighborhood Readers, _c2006. |
||
| 300 |
_a8 pages : _bcolor illustrations ; _c21 cm |
||
| 505 | _aA | ||
| 520 | _aFeaturing high-frequency words, pictures that are tightly correlated to the text, and a charming story, this leveled fiction reader will help emerging readers built early literacy skills. | ||
| 521 | 8 |
_a100
_bLexile estimate |
|
| 521 | 8 |
_aA
_bRaz-Plus |
|
| 650 |
_aPepper _vNon-fiction |
||
| 942 |
_2ddc _cBK _n0 |
||
| 999 |
_c9343 _d9343 |
||